000 00666nam a22002057a 4500
003 BD-DhUL
005 20180522114300.0
008 180522s2001 ii ||||| |||| 00| 0 ben
020 _a817756143X
040 _aBD-DhUL
_cBD-DhUL
082 _a891.443
_bCHD
100 1 _aচৌধুরী, রমাপদ
245 0 0 _aদশটি উপন্যাস /
_cরমাপদ চৌধুরী
250 _a১ম সং.
260 _aকলকাতা :
_bআনন্দ,
_c২০০১।
300 _a৬৫৪ পৃ. ;
_c২৪ সেমি.।
650 4 _aবাংলা উপন্যাস
650 4 _aBengali fiction
942 _2ddc
_cBK
999 _c241444
_d241444